TV Star / (Record no. 556)

MARC details
000 -LEADER
fixed length control field 03005cam a2200697 i 4500
005 - DATE AND TIME OF LATEST TRANSACTION
control field 20250521095737.0
020 ## - INTERNATIONAL STANDARD BOOK NUMBER
International Standard Book Number 9781471117671
Qualifying information (hardbk)
020 ## - INTERNATIONAL STANDARD BOOK NUMBER
International Standard Book Number 1471117677
Qualifying information (hardback)
020 ## - INTERNATIONAL STANDARD BOOK NUMBER
International Standard Book Number 9781471117688
020 ## - INTERNATIONAL STANDARD BOOK NUMBER
International Standard Book Number 1471117685
020 ## - INTERNATIONAL STANDARD BOOK NUMBER
International Standard Book Number 9781471143953
Qualifying information (paperback)
020 ## - INTERNATIONAL STANDARD BOOK NUMBER
International Standard Book Number 1471143953
020 ## - INTERNATIONAL STANDARD BOOK NUMBER
International Standard Book Number 9781471145537
Qualifying information (paperback)
020 ## - INTERNATIONAL STANDARD BOOK NUMBER
International Standard Book Number 1471145530
Qualifying information (paperback)
020 ## - INTERNATIONAL STANDARD BOOK NUMBER
Canceled/invalid ISBN 9781471117695 (ebook)
040 ## - CATALOGING SOURCE
Original cataloging agency UKMGB
Language of cataloging eng
Transcribing agency UKMGB
Description conventions rda
Modifying agency AUMCS
-- OCLCQ
-- OCLCO
-- AU@
-- CNGUL
-- NZIPP
-- NZASP
-- IHI
-- NZ1
-- OCLCF
-- OCL
-- AUPTL
-- UKMGB
-- NZBAL
-- OCLCO
-- AZZPT
-- OCLCO
-- DLC
050 00 - LIBRARY OF CONGRESS CALL NUMBER
Classification number PZ7.R915935
Item number Tv 2014
082 04 - DEWEY DECIMAL CLASSIFICATION NUMBER
Classification number 813.6
Edition number 23
100 1# - MAIN ENTRY--PERSONAL NAME
Personal name Russell, Rachel Renée,
Relator term author.
245 10 - TITLE STATEMENT
Title TV Star /
Statement of responsibility, etc. Rachel Renée Russell ; with Nikki Russell and Erin Russell.
260 ## - PUBLICATION, DISTRIBUTION, ETC.
Place of publication, distribution, etc. Sydney :
Name of publisher, distributor, etc. Simon and Schuster
Date of publication, distribution, etc. 2014
300 ## - PHYSICAL DESCRIPTION
Extent 320 pages :
Other physical details illustrations ;
Dimensions 20 cm.
490 1# - SERIES STATEMENT
Series statement Dork diaries
500 ## - GENERAL NOTE
General note "Tales from a not-so-fabulous life"--Cover.
500 ## - GENERAL NOTE
General note Originally published as Dork diaries: Tales from a not-so-glam TV star : New York : Aladdin 2014.
505 ## - FORMATTED CONTENTS NOTE
Formatted contents note M
520 ## - SUMMARY, ETC.
Summary, etc. "Nikki is in the spotlight. A reality TV crew will follow her and her friends for the whole month of March as they record their hit song together. But will the excitement also cause unexpected problems, now that cameras are everywhere Nikki and her friends go?"--
Assigning source Provided by publisher.
521 ## - TARGET AUDIENCE NOTE
Target audience note 710 <br/>
Source Lexile
521 ## - TARGET AUDIENCE NOTE
Target audience note M <br/>
Source Raz-Plus
650 #0 - SUBJECT ADDED ENTRY--TOPICAL TERM
Topical term or geographic name entry element Reality television programs
Form subdivision Juvenile fiction.
650 #0 - SUBJECT ADDED ENTRY--TOPICAL TERM
Topical term or geographic name entry element Sound recordings
General subdivision Production and direction
Form subdivision Juvenile fiction.
650 #0 - SUBJECT ADDED ENTRY--TOPICAL TERM
Topical term or geographic name entry element Bands (Music)
Form subdivision Juvenile fiction.
650 #0 - SUBJECT ADDED ENTRY--TOPICAL TERM
Topical term or geographic name entry element Singers
Form subdivision Juvenile fiction.
650 #0 - SUBJECT ADDED ENTRY--TOPICAL TERM
Topical term or geographic name entry element Friendship
Form subdivision Juvenile fiction.
650 #0 - SUBJECT ADDED ENTRY--TOPICAL TERM
Topical term or geographic name entry element Diaries
Form subdivision Juvenile fiction.
650 #1 - SUBJECT ADDED ENTRY--TOPICAL TERM
Topical term or geographic name entry element Diaries
Form subdivision Fiction.
650 #1 - SUBJECT ADDED ENTRY--TOPICAL TERM
Topical term or geographic name entry element Humorous stories.
650 #4 - SUBJECT ADDED ENTRY--TOPICAL TERM
Topical term or geographic name entry element Maxwell, Nikki (Fictitious character) - Juvenile fiction.
650 #4 - SUBJECT ADDED ENTRY--TOPICAL TERM
Topical term or geographic name entry element Singers - Juvenile fiction.
650 #4 - SUBJECT ADDED ENTRY--TOPICAL TERM
Topical term or geographic name entry element Diary fiction - Juvenile fiction.
650 #7 - SUBJECT ADDED ENTRY--TOPICAL TERM
Topical term or geographic name entry element Bands (Music)
Source of heading or term fast
Authority record control number or standard number (OCoLC)fst00826500
650 #7 - SUBJECT ADDED ENTRY--TOPICAL TERM
Topical term or geographic name entry element Diaries.
Source of heading or term fast
Authority record control number or standard number (OCoLC)fst00892657
650 #7 - SUBJECT ADDED ENTRY--TOPICAL TERM
Topical term or geographic name entry element Friendship.
Source of heading or term fast
Authority record control number or standard number (OCoLC)fst00935174
650 #7 - SUBJECT ADDED ENTRY--TOPICAL TERM
Topical term or geographic name entry element Reality television programs.
Source of heading or term fast
Authority record control number or standard number (OCoLC)fst01091252
650 #7 - SUBJECT ADDED ENTRY--TOPICAL TERM
Topical term or geographic name entry element Singers.
Source of heading or term fast
Authority record control number or standard number (OCoLC)fst01119301
650 #7 - SUBJECT ADDED ENTRY--TOPICAL TERM
Topical term or geographic name entry element Sound recordings
General subdivision Production and direction.
Source of heading or term fast
Authority record control number or standard number (OCoLC)fst01127057
655 #0 - INDEX TERM--GENRE/FORM
Genre/form data or focus term Children's stories.
655 #4 - INDEX TERM--GENRE/FORM
Genre/form data or focus term Humerous stories.
655 #4 - INDEX TERM--GENRE/FORM
Genre/form data or focus term Diary fiction.
655 #7 - INDEX TERM--GENRE/FORM
Genre/form data or focus term Diary fiction.
Source of term fast
Authority record control number or standard number (OCoLC)fst01726582
655 #7 - INDEX TERM--GENRE/FORM
Genre/form data or focus term Fiction.
Source of term fast
Authority record control number or standard number (OCoLC)fst01423787
655 #7 - INDEX TERM--GENRE/FORM
Genre/form data or focus term Juvenile works.
Source of term fast
Authority record control number or standard number (OCoLC)fst01411637
655 #7 - INDEX TERM--GENRE/FORM
Genre/form data or focus term Humorous fiction.
Source of term lcgft
655 #7 - INDEX TERM--GENRE/FORM
Genre/form data or focus term Diary fiction.
Source of term lcgft
700 1# - ADDED ENTRY--PERSONAL NAME
Personal name Russell, Nikki,
Relator term author.
700 1# - ADDED ENTRY--PERSONAL NAME
Personal name Russell, Erin,
Relator term author.
700 12 - ADDED ENTRY--PERSONAL NAME
Personal name Russell, Rachel Renée.
Title of a work Tales from a not-so-glam TV star.
Relationship information container of (work):
906 ## - LOCAL DATA ELEMENT F, LDF (RLIN)
a 7
b cbc
c copycat
d 2
e ncip
f 20
g y-gencatlg
942 ## - ADDED ENTRY ELEMENTS (KOHA)
Source of classification or shelving scheme Dewey Decimal Classification
Koha item type Books
Suppress in OPAC No
999 ## -
-- 556
-- 556
Holdings
Withdrawn status Lost status Source of classification or shelving scheme Damaged status Not for loan Collection Home library Current library Shelving location Date acquired Total Checkouts Full call number Barcode Date last seen Copy number Price effective from Koha item type Date last checked out Date due
    Dewey Decimal Classification     Juvenile Fiction Footprints International School Library Network Toul Kork Campus Footprints International School Library Network Toul Kork Campus TK Primary Library Room(4th Floor), Bookcase 5&6, Shelves 33-56, Orange Books 06/16/2023   RUS 813.6 PZ7.R91 FISTK05310 06/16/2023 1 06/16/2023 Books    
    Dewey Decimal Classification     Juvenile Fiction Footprints International School Library Network Toul Kork Campus Footprints International School Library Network Toul Kork Campus TK Primary Library Room(4th Floor), Bookcase 5&6, Shelves 33-56, Orange Books 08/28/2025 3 RUS 813.6 PZ7.R91 FISTK05314 04/03/2026 3 08/28/2025 Books 04/03/2026 04/17/2026
    Dewey Decimal Classification     Juvenile Fiction Footprints International School Library Network Toul Tom Poung Campus Footprints International School Library Network Toul Tom Poung Campus TTP Primary Orange Bookshelves 05/21/2025 3 RUS 813.6 PZ7.R91 2025-1347 04/29/2026 2 05/21/2025 Books 04/08/2026